[Event "San Francisco Wilkerson Memorial"]
[Site "San Francisco"]
[Date "2020.02.06"]
[Round "1"]
[White "Lum, Michael"]
[Black "Yan, Rui Yang"]
[Result "0-1"]
[WhiteElo "1791"]
[BlackElo "2027"]
[PlyCount "84"]
[EventDate "2020.01.07"]
[EventType "swiss"]
[EventRounds "7"]
[EventCountry "USA"]
[SourceTitle "CBM 195 Extra"]
[Source "ChessBase"]
[SourceDate "2020.05.31"]
[SourceVersion "1"]
[SourceVersionDate "2020.05.31"]
[SourceQuality "1"]

1. c4 Nf6 2. g3 e6 3. Bg2 d5 4. b3 Be7 5. Bb2 0-0 6. Nf3 c5 7. cxd5 exd5 8. d4 b6 9. 0-0 Bb7 10. Nc3 Nbd7 11. e3 Rc8 12. Ne5 cxd4 13. exd4 Ne4 14. Nxe4 dxe4 15. Qe2 f5 16. Rac1 Nxe5 17. dxe5 Qd5 18. Rfd1 Rxc1 19. Bxc1 Qxe5 20. Qc4+ Kh8 21. Bf4 Qf6 22. Qc7 Ba6 23. Be5 Qe6 24. Qxa7 Be2 25. Re1 Qxe5 26. Rxe2 Bc5 27. Qd7 Qf6 28. Qd2 Rd8 29. Qb2 Rd1+ 30. Bf1 Qd6 31. Qc2 h6 32. Qc4 Qe5 33. b4 Rd4 34. Qa6 Rxb4 35. Qc8+ Kh7 36. Bh3 g6 37. Qd7+ Qg7 38. Qxg7+ Kxg7 39. Rc2 Kf6 40. Kf1 Rb1+ 41. Kg2 g5 42. f3 Rg1# 0-1

[Event "San Francisco TNM Fall op"]
[Site "San Francisco"]
[Date "2017.11.14"]
[Round "4"]
[White "Mays, Jerry L"]
[Black "Lum, Michael"]
[Result "1-0"]
[WhiteElo "1700"]
[BlackElo "1970"]
[PlyCount "65"]
[EventDate "2017.10.24"]
[EventType "swiss"]
[EventRounds "9"]
[EventCountry "USA"]
[SourceTitle "EXT 2023"]
[Source "ChessBase"]
[SourceDate "2022.10.05"]
[SourceVersion "1"]
[SourceVersionDate "2022.10.05"]
[SourceQuality "1"]

1. e4 c6 2. c4 d5 3. exd5 cxd5 4. d4 Nf6 5. Nc3 Nc6 6. cxd5 Nxd5 7. Bc4 Nb6 8. Bb5 a6 9. Bxc6+ bxc6 10. Nge2 Bg4 11. f3 Bf5 12. g4 Bd7 13. Nf4 e6 14. Qe2 Be7 15. 0-0 0-0 16. Nh5 c5 17. dxc5 Bxc5+ 18. Kg2 f6 19. Be3 Qe7 20. Rad1 Rfd8 21. Bxc5 Qxc5 22. Rfe1 Qc4 23. Qe3 Rab8 24. Ne4 Rf8 25. Qf4 Kh8 26. Qd6 Qxa2 27. Qe7 Rg8 28. Nd6 h6 29. Nf7+ Kh7 30. Nxf6+ Kg6 31. Ne5+ Kg5 32. Nh7+ Kf4 33. Re4# 1-0

[Event "San Francisco TNM Spring op"]
[Site "San Francisco"]
[Date "2009.04.21"]
[Round "6"]
[White "Todortsev, Victor"]
[Black "Lum, Michael"]
[Result "0-1"]
[WhiteElo "1928"]
[BlackElo "1804"]
[PlyCount "116"]
[EventDate "2009.03.16"]
[EventType "swiss"]
[EventRounds "8"]
[EventCountry "USA"]
[SourceTitle "EXT 2012"]
[Source "ChessBase"]
[SourceDate "2011.11.24"]
[SourceVersion "1"]
[SourceVersionDate "2011.11.24"]
[SourceQuality "1"]

1. e4 c6 2. d4 d5 3. e5 Bf5 4. Bd3 Bxd3 5. Qxd3 e6 6. Ne2 Ne7 7. Ng3 Nd7 8. 0-0 c5 9. c3 Nc6 10. a3 Be7 11. b4 cxb4 12. cxb4 0-0 13. Be3 Kh8 14. Nd2 f6 15. f4 f5 16. Rac1 Rg8 17. Nb3 Rc8 18. Nc5 Nxc5 19. bxc5 Na5 20. Rc3 Qd7 21. Rb1 Nc4 22. Bc1 b6 23. cxb6 axb6 24. Rcb3 Ra8 25. Nf1 Ra4 26. Ne3 Rga8 27. Nc2 R8a6 28. h3 g6 29. g4 Qa7 30. Nb4 Bxb4 31. axb4 b5 32. Be3 Ra1 33. Bf2 Rxb1+ 34. Rxb1 Ra3 35. Rb3 Rxb3 36. Qxb3 Qa3 37. Qxa3 Nxa3 38. Be1 fxg4 39. hxg4 Kg7 40. Kf2 h5 41. f5 gxf5 42. gxf5 exf5 43. Kf3 Nc2 44. Bf2 Nxb4 45. Bh4 Nc6 46. Kf4 Nxd4 47. Bf2 Ne6+ 48. Kxf5 Kf7 49. Be1 Nd4+ 50. Kf4 Nc2 51. Bc3 d4 52. Bd2 b4 53. Ke4 b3 54. Bc1 Ke6 55. Kd3 Kxe5 56. Kc4 h4 57. Kxb3 h3 58. Kxc2 h2 0-1

[Event "San Francisco TNM Spring op"]
[Site "San Francisco"]
[Date "2009.03.17"]
[Round "2"]
[White "Capdeville, Barry E"]
[Black "Lum, Michael"]
[Result "0-1"]
[WhiteElo "1184"]
[BlackElo "1804"]
[PlyCount "70"]
[EventDate "2009.03.16"]
[EventType "swiss"]
[EventRounds "8"]
[EventCountry "USA"]
[SourceTitle "EXT 2012"]
[Source "ChessBase"]
[SourceDate "2011.11.24"]
[SourceVersion "1"]
[SourceVersionDate "2011.11.24"]
[SourceQuality "1"]

1. e4 c6 2. d4 d5 3. e5 Bf5 4. Nc3 e6 5. g4 Bg6 6. Nge2 Nd7 7. h4 h6 8. Nf4 Ne7 9. Be3 Bh7 10. h5 c5 11. Nb5 Nc6 12. c3 a6 13. Nd6+ Bxd6 14. exd6 cxd4 15. cxd4 Nf6 16. f3 Qxd6 17. Nd3 Nb4 18. a3 Nxd3+ 19. Bxd3 Bxd3 20. Qxd3 Rc8 21. Ke2 Qb6 22. b4 Rc4 23. Rac1 Qc6 24. Rxc4 dxc4 25. Qc3 Nd5 26. Qc1 Ke7 27. Bd2 Rd8 28. Bc3 Nxc3+ 29. Qxc3 Rd5 30. Rc1 b5 31. Qe3 Qd6 32. f4 Rxd4 33. Rc3 Qxf4 34. Qxf4 Rxf4 35. Ke3 Rxg4 0-1